000 00328nam a2200133Ia 4500
008 150301s2014 xx 000 0 und d
082 _a610.734
_bM14B
100 _aBORAH, DJ.
245 _aMEDICAL ETHICS FOR STUDENTS & DOCTORS
260 _bAPH.INDIA
_c2014
300 _a166
650 _aMEDICAL ETHICS
942 _2ddc
_cBK
_023
999 _c6825
_d6825